| 000 | 00823nam a2200253Ia 4500 | ||
|---|---|---|---|
| 003 | OSt | ||
| 005 | 20220923210953.0 | ||
| 006 | a|||||r|||| 00| 0 | ||
| 007 | ta | ||
| 008 | 220922b |||||||| |||| 00| 0 hin d | ||
| 020 | _a8126309695 (hb) | ||
| 024 | _a230,772 | ||
| 037 | _cTextual | ||
| 040 |
_aARTS _cARTS _bhin |
||
| 041 |
_2hin _ahin |
||
| 082 | _aO152,1N11x, P5 | ||
| 100 |
_aअज्ञेय _9156683 |
||
| 245 | 0 |
_aऑंगन के पार द्वार _b 1959 - 61 की कविताएॅं |
|
| 246 | _aऑangan ke pār dvāra: 1959 - 61 kī kavitāeॅan | ||
| 260 |
_aनई दिल्ली _b भारतीय ज्ञानपीठ _c2005 |
||
| 300 |
_a79पृ. _ccm. |
||
| 942 |
_hO152,1N11x, P5 _cTEXL _2CC |
||
| 999 |
_c293318 _d293318 |
||